[Event "Seville op 49th"]
[Site "Seville"]
[Date "2024.01.17"]
[Round "6"]
[White "Buenafe Moya, Javier"]
[Black "Starostits, Ilmars"]
[Result "0-1"]
[WhiteElo "2197"]
[BlackElo "2356"]
[PlyCount "92"]
[EventDate "2024.01.12"]
[EventType "swiss"]
[EventRounds "9"]
[EventCountry "ESP"]
[SourceTitle "CB04_2024"]
[SourceDate "2023.10.16"]
[SourceVersion "1"]
[SourceVersionDate "2023.10.16"]
[SourceQuality "1"]

1. c4 e5 2. Nc3 Nc6 3. Nf3 Nf6 4. e4 d6 5. d4 Bg4 6. d5 Nd4 7. Be3 Nxf3+ 8. gxf3 Bd7 9. f4 Ng4 10. Qf3 Nxe3 11. fxe3 g6 12. h4 Qf6 13. 0-0-0 exf4 14. exf4 Bh6 15. Ne2 c6 16. Bh3 Bxh3 17. Rxh3 Rc8 18. Kb1 cxd5 19. Rxd5 0-0 20. Qd3 Bg7 21. e5 dxe5 22. fxe5 Qf1+ 23. Nc1 Qxd3+ 24. Nxd3 Rxc4 25. Rd7 Rfc8 26. Rxb7 R4c7 27. Rxc7 Rxc7 28. h5 Re7 29. hxg6 fxg6 30. Re3 Kf7 31. Kc2 Rc7+ 32. Kb3 g5 33. e6+ Ke7 34. Kb4 Rc6 35. Kb5 Rxe6 36. Rg3 Kf6 37. b4 h5 38. Nc5 Re7 39. Kc6 h4 40. Rh3 Kf5 41. a4 Kg4 42. Rh1 h3 43. Kd6 Re2 44. Ne6 Be5+ 45. Kd5 Bg3 46. Nd4 Re1 0-1

[Event "Seville op 49th"]
[Site "Seville"]
[Date "2024.01.15"]
[Round "4"]
[White "Basso, Pier Luigi"]
[Black "Starostits, Ilmars"]
[Result "1-0"]
[WhiteElo "2482"]
[BlackElo "2356"]
[PlyCount "87"]
[EventDate "2024.01.12"]
[EventType "swiss"]
[EventRounds "9"]
[EventCountry "ESP"]
[SourceTitle "CB04_2024"]
[SourceDate "2023.10.16"]
[SourceVersion "1"]
[SourceVersionDate "2023.10.16"]
[SourceQuality "1"]

1. d4 Nf6 2. c4 g6 3. Nc3 d5 4. Nf3 Bg7 5. h3 0-0 6. cxd5 Nxd5 7. e4 Nxc3 8. bxc3 c5 9. Be2 b6 10. Be3 Bb7 11. Qd3 Ba6 12. Qd2 Bxe2 13. Kxe2 cxd4 14. cxd4 Nc6 15. Rac1 Rc8 16. d5 Ne5 17. Nxe5 Bxe5 18. f4 Bg7 19. Rxc8 Qxc8 20. Rc1 Qd7 21. Qc2 f5 22. Qc6 Qxc6 23. Rxc6 fxe4 24. Rc7 Rd8 25. Rxa7 Rxd5 26. Bxb6 Rb5 27. Ra6 Rb2+ 28. Ke3 Rxg2 29. a4 Rg3+ 30. Kxe4 Rxh3 31. a5 Ra3 32. Ra8+ Kf7 33. a6 Ra4+ 34. Kd3 Ra3+ 35. Kc4 h5 36. a7 h4 37. Rd8 h3 38. Rd3 h2 39. Rxa3 h1Q 40. a8Q Qf1+ 41. Kc5 Bf8 42. Kc6 Qxf4 43. Qa4 Qf6+ 44. Kb7 1-0

[Event "Porto Cristo"]
[Site "Porto Cristo"]
[Date "2023.12.17"]
[Round "9"]
[White "Rasti, Arvin"]
[Black "Starostits, Ilmars"]
[Result "1/2-1/2"]
[WhiteElo "2268"]
[BlackElo "2354"]
[PlyCount "35"]
[EventDate "2023.12.11"]
[EventType "tourn"]
[EventRounds "9"]
[EventCountry "ESP"]
[EventCategory "1"]
[SourceTitle "CB52_2023"]
[SourceDate "2023.12.27"]
[SourceVersion "1"]
[SourceVersionDate "2023.12.27"]
[SourceQuality "1"]

1. Nf3 g6 2. d4 Nf6 3. c4 Bg7 4. g3 c6 5. Bg2 d5 6. 0-0 0-0 7. cxd5 cxd5 8. Ne5 Nc6 9. Nc3 e6 10. Nxc6 bxc6 11. Na4 Nd7 12. b3 c5 13. Bb2 Ba6 14. Re1 Rc8 15. Rc1 cxd4 16. Rxc8 Qxc8 17. Bxd4 Bxd4 18. Qxd4 1/2-1/2

[Event "Porto Cristo"]
[Site "Porto Cristo"]
[Date "2023.12.16"]
[Round "7"]
[White "Suvorov, Alexander David"]
[Black "Starostits, Ilmars"]
[Result "1/2-1/2"]
[WhiteElo "2334"]
[BlackElo "2354"]
[PlyCount "25"]
[EventDate "2023.12.11"]
[EventType "tourn"]
[EventRounds "9"]
[EventCountry "ESP"]
[EventCategory "1"]
[SourceTitle "CB52_2023"]
[SourceDate "2023.12.27"]
[SourceVersion "1"]
[SourceVersionDate "2023.12.27"]
[SourceQuality "1"]

1. d4 d5 2. Nf3 Nf6 3. c3 Nc6 4. Bf4 Nh5 5. e3 Nxf4 6. exf4 Bg4 7. h3 Bxf3 8. Qxf3 e6 9. Nd2 Bd6 10. Bd3 Ne7 11. 0-0 0-0 12. g3 c5 13. dxc5 1/2-1/2

[Event "Porto Cristo"]
[Site "Porto Cristo"]
[Date "2023.12.11"]
[Round "1"]
[White "Sentissi, Yassine"]
[Black "Starostits, Ilmars"]
[Result "0-1"]
[WhiteElo "2078"]
[BlackElo "2354"]
[PlyCount "33"]
[EventDate "2023.12.11"]
[EventType "tourn"]
[EventRounds "9"]
[EventCountry "ESP"]
[EventCategory "1"]
[SourceTitle "CB52_2023"]
[SourceDate "2023.12.27"]
[SourceVersion "1"]
[SourceVersionDate "2023.12.27"]
[SourceQuality "1"]

1. e4 c6 2. d4 d5 3. e5 Bf5 4. Nf3 e6 5. Be2 Nd7 6. 0-0 a6 7. Nbd2 Bg6 8. a4 Rc8 9. c3 c5 10. Re1 cxd4 11. Nxd4 Nxe5 12. f4 Nc6 13. N2f3 Nxd4 14. Nxd4 Bc5 15. Kh1 Ne7 16. Nf3 0-0 17. g4 0-1

[Event "Riga Christmas"]
[Site "Riga"]
[Date "2023.12.10"]
[Round "9"]
[White "Starostits, Ilmars"]
[Black "Prydun, Andriy"]
[Result "1-0"]
[WhiteElo "2354"]
[BlackElo "2159"]
[PlyCount "63"]
[EventDate "2023.12.04"]
[EventType "tourn"]
[EventRounds "9"]
[EventCountry "LAT"]
[EventCategory "2"]
[SourceTitle "CB50_2023"]
[SourceDate "2023.12.13"]
[SourceVersion "1"]
[SourceVersionDate "2023.12.13"]
[SourceQuality "1"]

1. d4 Nf6 2. Nf3 c5 3. d5 b5 4. a4 b4 5. c4 d6 6. g3 g6 7. b3 Bg7 8. Bb2 0-0 9. Bg2 Bb7 10. 0-0 Na6 11. Nbd2 e5 12. dxe6 fxe6 13. Qc2 Nc7 14. Rad1 Qe7 15. Nh4 Bxg2 16. Nxg2 Rad8 17. Nf4 e5 18. Nd5 Ncxd5 19. cxd5 Rf7 20. e4 h5 21. Nc4 Rdf8 22. f4 exf4 23. e5 Ng4 24. Nxd6 Ne3 25. Qxg6 fxg3 26. Nxf7 gxh2+ 27. Kh1 Nxd1 28. Rxd1 Rxf7 29. e6 Rf8 30. Qg2 Qb7 31. Bxg7 Qxg7 32. d6 1-0

[Event "Riga Christmas"]
[Site "Riga"]
[Date "2023.12.06"]
[Round "3"]
[White "Vingris, Mikelis"]
[Black "Starostits, Ilmars"]
[Result "1-0"]
[WhiteElo "2129"]
[BlackElo "2354"]
[PlyCount "107"]
[EventDate "2023.12.04"]
[EventType "tourn"]
[EventRounds "9"]
[EventCountry "LAT"]
[EventCategory "2"]
[SourceTitle "CB50_2023"]
[SourceDate "2023.12.13"]
[SourceVersion "1"]
[SourceVersionDate "2023.12.13"]
[SourceQuality "1"]

1. e4 c5 2. Nf3 d6 3. d4 cxd4 4. Nxd4 Nf6 5. Nc3 g6 6. Be3 Bg7 7. f3 Nc6 8. Qd2 h5 9. Be2 Bd7 10. 0-0 0-0 11. Kh1 a6 12. a4 Rc8 13. Nxc6 Bxc6 14. Nd5 Bxd5 15. exd5 Nd7 16. c4 Nc5 17. Ra3 a5 18. b4 axb4 19. Qxb4 Qd7 20. Rb1 Qf5 21. Bxc5 dxc5 22. Qe1 Rc7 23. Bd3 Qf4 24. Qg3 Qxg3 25. hxg3 Ra8 26. a5 Bd4 27. Rb5 Bf2 28. Kh2 Be1 29. f4 f5 30. Be2 Bb4 31. Ra2 Ra6 32. Bf3 Rd6 33. Rb6 Rcd7 34. Rb5 Kf7 35. Re2 Ke8 36. Re6 Kd8 37. Kh3 Ke8 38. Kh4 Kf7 39. Kg5 Bc3 40. Kh4 Bb4 41. Kg5 Ra6 42. Rxb7 Rxb7 43. Rxa6 Rb8 44. Rxg6 Bxa5 45. Bxh5 Kf8 46. Kh6 e5 47. fxe5 Bc3 48. Rf6+ Kg8 49. Rxf5 Rb4 50. d6 Bd2+ 51. Kg6 Rxc4 52. Kf6 Rd4 53. Bf7+ Kf8 54. Rh5 1-0

[Event "Riga Christmas"]
[Site "Riga"]
[Date "2023.12.04"]
[Round "1"]
[White "Kantans, Toms"]
[Black "Starostits, Ilmars"]
[Result "1-0"]
[WhiteElo "2483"]
[BlackElo "2354"]
[PlyCount "83"]
[EventDate "2023.12.04"]
[EventType "tourn"]
[EventRounds "9"]
[EventCountry "LAT"]
[EventCategory "2"]
[SourceTitle "CB50_2023"]
[SourceDate "2023.12.13"]
[SourceVersion "1"]
[SourceVersionDate "2023.12.13"]
[SourceQuality "1"]

1. e4 c5 2. Nf3 d6 3. Bb5+ Bd7 4. Bxd7+ Qxd7 5. 0-0 Nc6 6. c3 Nf6 7. Qe2 e6 8. Rd1 Be7 9. d4 cxd4 10. cxd4 d5 11. e5 Ne4 12. Nbd2 Nxd2 13. Bxd2 0-0 14. h4 f6 15. exf6 Bxf6 16. Bg5 Rae8 17. Bxf6 gxf6 18. Rac1 Kh8 19. Rc3 Rg8 20. Re3 Rg7 21. Re1 Reg8 22. g3 f5 23. Rd3 f4 24. Ng5 fxg3 25. fxg3 h6 26. Qh5 Rg6 27. Rf1 Nd8 28. Rdf3 Qg7 29. Kh2 Qxd4 30. Rf7 Nxf7 31. Rxf7 Qxb2+ 32. Kh3 Qg7 33. Rxg7 R8xg7 34. g4 Kg8 35. Nf3 Rxg4 36. Qe8+ Kh7 37. Ng5+ R4xg5 38. hxg5 hxg5 39. Kg4 Rg6 40. Kh5 Rg7 41. Qxe6 g4 42. Qf5+ 1-0

[Event "Morshyn Saint Charbel Cup"]
[Site "Morshyn"]
[Date "2023.09.07"]
[Round "4"]
[White "Starostits, Ilmars"]
[Black "Sakun, Volodymyr"]
[Result "1/2-1/2"]
[WhiteElo "2389"]
[BlackElo "2370"]
[PlyCount "26"]
[EventDate "2023.09.05"]
[EventType "tourn"]
[EventRounds "9"]
[EventCountry "UKR"]
[EventCategory "6"]
[SourceTitle "EXT 2024"]
[Source "ChessBase"]
[SourceDate "2023.10.10"]
[SourceVersion "1"]
[SourceVersionDate "2023.10.10"]
[SourceQuality "1"]

1. d4 d5 2. Nf3 Nf6 3. e3 c5 4. b3 e6 5. Bd3 Nc6 6. 0-0 Be7 7. Bb2 0-0 8. Nbd2 b6 9. Ne5 Bb7 10. Nxc6 Bxc6 11. Nf3 Nd7 12. Qe2 Qc7 13. c4 Qd8 1/2-1/2

[Event "Morshyn Saint Charbel Cup"]
[Site "Morshyn"]
[Date "2023.09.06"]
[Round "2"]
[White "Starostits, Ilmars"]
[Black "Beliavsky, Alexander G"]
[Result "1/2-1/2"]
[WhiteElo "2389"]
[BlackElo "2486"]
[PlyCount "60"]
[EventDate "2023.09.05"]
[EventType "tourn"]
[EventRounds "9"]
[EventCountry "UKR"]
[EventCategory "6"]
[SourceTitle "EXT 2024"]
[Source "ChessBase"]
[SourceDate "2023.10.10"]
[SourceVersion "1"]
[SourceVersionDate "2023.10.10"]
[SourceQuality "1"]

1. d4 Nf6 2. Nf3 g6 3. h3 Bg7 4. Bf4 c5 5. c3 b6 6. e3 Bb7 7. Be2 0-0 8. 0-0 d6 9. Nbd2 Nbd7 10. Bh2 a6 11. a4 Rc8 12. Qb3 Rc7 13. Rfd1 Qa8 14. Rac1 Rfc8 15. Bc4 Bd5 16. Bxd5 Qxd5 17. Qxd5 Nxd5 18. e4 cxd4 19. exd5 dxc3 20. bxc3 Rxc3 21. Rxc3 Rxc3 22. Re1 Kf8 23. Ne4 Rd3 24. Rc1 Nc5 25. Nxc5 bxc5 26. Kf1 Bh6 27. Rc2 Ra3 28. Rc4 Ra1+ 29. Ke2 Ra2+ 30. Ke1 Ra1+ 1/2-1/2

[Event "Morshyn Saint Charbel Cup Blitz"]
[Site "Morshyn"]
[Date "2023.09.04"]
[Round "7"]
[White "Starostits, Ilmars"]
[Black "Szpar, Milosz"]
[Result "1/2-1/2"]
[WhiteElo "2389"]
[BlackElo "2477"]
[PlyCount "150"]
[EventDate "2023.09.04"]
[EventType "tourn (blitz)"]
[EventRounds "9"]
[EventCountry "UKR"]
[EventCategory "6"]
[SourceTitle "EXT 2024"]
[Source "ChessBase"]
[SourceDate "2023.10.10"]
[SourceVersion "1"]
[SourceVersionDate "2023.10.10"]
[SourceQuality "1"]

1. e4 c5 2. Nc3 d6 3. g3 g6 4. Bg2 Bg7 5. d3 Nc6 6. f4 e6 7. Nf3 Nge7 8. 0-0 0-0 9. Be3 Nd4 10. e5 Bd7 11. Nxd4 cxd4 12. Bxd4 Nf5 13. Bf2 dxe5 14. fxe5 Bxe5 15. Ne4 Bc6 16. c3 Bg7 17. d4 Nd6 18. Qc2 Rc8 19. Rad1 Bd5 20. Nxd6 Qxd6 21. Bxd5 Qxd5 22. Qa4 a6 23. Be3 Rc6 24. Bf4 b5 25. Qa5 g5 26. Bc1 h6 27. Rde1 Re8 28. a4 e5 29. axb5 axb5 30. dxe5 Rce6 31. Qa7 Rxe5 32. Rxe5 Rxe5 33. Be3 Re8 34. Qc5 Qe4 35. Bf2 Re5 36. Qc8+ Re8 37. Qd7 b4 38. Re1 Qxe1+ 39. Bxe1 Rxe1+ 40. Kf2 Rb1 41. Qe8+ Bf8 42. Qe2 bxc3 43. bxc3 Ra1 44. Qb2 Ra5 45. c4 Rc5 46. Qb3 Kg7 47. Ke3 Kf6 48. Qb6+ Kg7 49. Kd3 Rc8 50. Qb7 Rc5 51. Qd7 Kg8 52. Kd4 Ra5 53. Qd8 Rf5 54. g4 Rf4+ 55. Kd5 Rf2 56. Qa5 Rc2 57. Qa4 Rd2+ 58. Ke4 Re2+ 59. Kd3 Rxh2 60. Qa8 Rh3+ 61. Kd4 Rh4 62. c5 Rxg4+ 63. Kd5 Rg1 64. c6 Rd1+ 65. Kc4 Rc1+ 66. Kb5 Rb1+ 67. Kc4 Rc1+ 68. Kd5 Kg7 69. Qb7 Rd1+ 70. Ke4 Bd6 71. c7 Bxc7 72. Qxc7 Re1+ 73. Kf5 Re6 74. Qc3+ Kg8 75. Qc8+ Kg7 1/2-1/2

[Event "Skalica op-A"]
[Site "Skalica"]
[Date "2023.08.24"]
[Round "6"]
[White "Sikorova, Olga"]
[Black "Starostits, Ilmars"]
[Result "1-0"]
[WhiteElo "2153"]
[BlackElo "2400"]
[PlyCount "55"]
[EventDate "2023.08.19"]
[EventType "swiss"]
[EventRounds "9"]
[EventCountry "SVK"]
[SourceTitle "CBM 215 Extra"]
[Source "ChessBase"]
[SourceDate "2023.09.30"]
[SourceVersion "1"]
[SourceVersionDate "2023.09.30"]
[SourceQuality "1"]

1. Nf3 d5 2. c4 d4 3. e3 c5 4. b4 dxe3 5. fxe3 cxb4 6. d4 Nf6 7. Bd3 e6 8. Bb2 b6 9. 0-0 Bb7 10. Nbd2 Nbd7 11. Qe2 Be7 12. e4 Nh5 13. g3 0-0 14. e5 f5 15. exf6 Rxf6 16. Rae1 Nf8 17. Ne4 Rh6 18. Ne5 Nf6 19. Ng5 Qe8 20. Ngf7 Rh3 21. Rxf6 Bxf6 22. Nd6 Qe7 23. Nxb7 Bxe5 24. Qxe5 a5 25. Bf1 Rh6 26. Bg2 Rc8 27. Nd6 Rd8 28. Nf5 1-0

[Event "Skalica op-A"]
[Site "Skalica"]
[Date "2023.08.22"]
[Round "4"]
[White "Tomaszewski, Roman"]
[Black "Starostits, Ilmars"]
[Result "1/2-1/2"]
[WhiteElo "2187"]
[BlackElo "2400"]
[PlyCount "115"]
[EventDate "2023.08.19"]
[EventType "swiss"]
[EventRounds "9"]
[EventCountry "SVK"]
[SourceTitle "CBM 215 Extra"]
[Source "ChessBase"]
[SourceDate "2023.09.30"]
[SourceVersion "1"]
[SourceVersionDate "2023.09.30"]
[SourceQuality "1"]

1. d4 Nf6 2. c4 g6 3. Nc3 d5 4. cxd5 Nxd5 5. Na4 e5 6. dxe5 Bb4+ 7. Bd2 Ne3 8. fxe3 Bxd2+ 9. Qxd2 Qh4+ 10. g3 Qxa4 11. Nf3 Nc6 12. Bg2 0-0 13. 0-0 Bg4 14. Qc3 Qb4 15. Rac1 Qe7 16. Nd4 Nxe5 17. Qxc7 Qg5 18. Nf5 Bxf5 19. Qxe5 Rae8 20. Qf4 Qxf4 21. exf4 Rxe2 22. Rf2 Re7 23. Rd2 Kg7 24. Kf2 Rfe8 25. Bf3 h5 26. Re2 Be6 27. a3 Rd8 28. Rcc2 Red7 29. Ke1 Bg4 30. Kf2 Bf5 31. Be4 Be6 32. Rc3 b6 33. Bf3 Kf6 34. Rc6 Kg7 35. Rc3 Rd6 36. Rc7 a5 37. Rc3 Kf6 38. Rc6 Rxc6 39. Bxc6 Bg4 40. Bf3 Rd3 41. Re3 Rd2+ 42. Re2 Rd6 43. Rc2 Bxf3 44. Kxf3 Kf5 45. Rc3 Rd5 46. Rb3 b5 47. Re3 g5 48. fxg5 Kxg5 49. h3 f5 50. Rc3 b4 51. h4+ Kf6 52. axb4 axb4 53. Rc4 Ke5 54. Rxb4 Rd3+ 55. Kf2 Kd5 56. Rb8 Ke5 57. Rb4 Kd5 58. Rb8 1/2-1/2

[Event "Alicante IM Teams 3rd"]
[Site "Alicante"]
[Date "2023.07.05"]
[Round "5"]
[White "Villa Tornero, Alex"]
[Black "Starostits, Ilmars"]
[Result "1-0"]
[WhiteElo "2103"]
[BlackElo "2403"]
[PlyCount "80"]
[EventDate "2023.07.03"]
[EventType "schev"]
[EventRounds "9"]
[EventCountry "ESP"]
[SourceTitle "CBM 215 Extra"]
[Source "ChessBase"]
[SourceDate "2023.09.30"]
[SourceVersion "1"]
[SourceVersionDate "2023.09.30"]
[SourceQuality "1"]
[WhiteTeam "Team C"]
[BlackTeam "Team A"]
[WhiteTeamCountry "ESP"]
[BlackTeamCountry "ESP"]

1. e4 g6 2. d4 Bg7 3. Nc3 d6 4. Be3 a6 5. a4 b6 6. h4 Nf6 7. f3 c5 8. d5 e6 9. Bc4 0-0 10. Qd2 exd5 11. Nxd5 Be6 12. Bg5 Nbd7 13. h5 Ne5 14. Bxf6 Bxf6 15. hxg6 Bh4+ 16. Kf1 fxg6 17. Qh6 Nxc4 18. Rxh4 Ra7 19. Nf4 Qf6 20. Nxe6 Qxe6 21. Nh3 Nxb2 22. Ng5 Qc4+ 23. Kg1 Qd4+ 24. Kh2 Qd2 25. f4 Qf2 26. Rf1 Qxf1 27. Nxh7 Rg7 28. Nxf8 Kxf8 29. f5 Nc4 30. Qh8+ Kf7 31. fxg6+ Ke6 32. Qxg7 Ne3 33. Qg8+ Ke5 34. Qh8+ Qf6 35. Rh5+ Kxe4 36. Qxf6 Ng4+ 37. Kh3 Nxf6 38. g7 b5 39. axb5 axb5 40. Rh6 Kd5 1-0

[Event "Alicante IM Teams 3rd"]
[Site "Alicante"]
[Date "2023.07.04"]
[Round "4"]
[White "Starostits, Ilmars"]
[Black "Sanz Wawer, Daniel"]
[Result "1-0"]
[WhiteElo "2403"]
[BlackElo "2331"]
[PlyCount "159"]
[EventDate "2023.07.03"]
[EventType "schev"]
[EventRounds "9"]
[EventCountry "ESP"]
[SourceTitle "CBM 215 Extra"]
[Source "ChessBase"]
[SourceDate "2023.09.30"]
[SourceVersion "1"]
[SourceVersionDate "2023.09.30"]
[SourceQuality "1"]
[WhiteTeam "Team A"]
[BlackTeam "Team B"]
[WhiteTeamCountry "ESP"]
[BlackTeamCountry "ESP"]

1. e4 c6 2. d4 d5 3. Nc3 dxe4 4. Nxe4 Bf5 5. Ng3 Bg6 6. Nh3 Nf6 7. Nf4 e5 8. Nxg6 hxg6 9. dxe5 Qa5+ 10. Bd2 Qxe5+ 11. Qe2 Nbd7 12. 0-0-0 Qxe2 13. Bxe2 0-0-0 14. Bc4 Ne5 15. Bb3 Bc5 16. Bf4 Rxd1+ 17. Rxd1 Re8 18. f3 Nfd7 19. Ne4 f6 20. h4 Bf8 21. Be3 Kc7 22. Bf2 b6 23. Bg3 Kc8 24. Re1 f5 25. f4 fxe4 26. fxe5 Nxe5 27. Rxe4 Bd6 28. Kd1 Kd7 29. Rd4 Kc7 30. c3 Re7 31. Re4 Kd7 32. Bc2 Re6 33. Ra4 a5 34. Bf2 Bc7 35. Re4 b5 36. b3 Bd6 37. a4 Re7 38. axb5 cxb5 39. c4 bxc4 40. bxc4 Nc6 41. Rg4 Ne5 42. Ba4+ Kc7 43. Rg3 Rf7 44. Ke2 Rf4 45. Bb5 Ng4 46. Bg1 Re4+ 47. Kd3 Bxg3 48. Kxe4 Bxh4 49. Kf4 Nf6 50. Bd4 Be1 51. Kg5 Bc3 52. Bg1 Nd7 53. c5 Be5 54. Kxg6 Nb8 55. Kf5 Bg3 56. Bd4 Nc6 57. Bxg7 Bf2 58. Ke6 Na7 59. Be5+ Kb7 60. Ba4 Bxc5 61. g4 Be3 62. Kd7 Bg5 63. Bc7 Ka6 64. Bd8 Be3 65. g5 Nb5 66. g6 Bh6 67. Bf6 Kb6 68. Ke6 Nc7+ 69. Kf7 Nd5 70. Bd4+ Kc7 71. Bb3 Kd6 72. Bxd5 Kxd5 73. Be3 Bxe3 74. g7 Bd4 75. g8Q Bc3 76. Ke7+ Kc5 77. Qb3 Bb4 78. Ke6 Kd4 79. Qd1+ Kc3 80. Kd5 1-0

[Event "Alicante IM Teams 3rd"]
[Site "Alicante"]
[Date "2023.07.03"]
[Round "2"]
[White "Starostits, Ilmars"]
[Black "Macias Pino, Diego"]
[Result "0-1"]
[WhiteElo "2403"]
[BlackElo "2433"]
[PlyCount "112"]
[EventDate "2023.07.03"]
[EventType "schev"]
[EventRounds "9"]
[EventCountry "ESP"]
[SourceTitle "CBM 215 Extra"]
[Source "ChessBase"]
[SourceDate "2023.09.30"]
[SourceVersion "1"]
[SourceVersionDate "2023.09.30"]
[SourceQuality "1"]
[WhiteTeam "Team A"]
[BlackTeam "Team C"]
[WhiteTeamCountry "ESP"]
[BlackTeamCountry "ESP"]

1. e4 c6 2. d4 d5 3. exd5 cxd5 4. Bd3 Nc6 5. c3 Nf6 6. h3 g6 7. Nf3 Bf5 8. Be2 Bg7 9. 0-0 Qc7 10. Re1 0-0 11. Bf1 a6 12. Nbd2 Rfe8 13. Nh4 Bd7 14. Nhf3 Rad8 15. Nb3 Bf5 16. Nc5 Ne4 17. Nd3 f6 18. Bf4 e5 19. Bh2 Qb6 20. Qb3 Qxb3 21. axb3 exd4 22. cxd4 g5 23. g4 Bg6 24. Rec1 Bf8 25. b4 Nxb4 26. Nxb4 Bxb4 27. Rc7 Re7 28. Rac1 Rdd7 29. Rxd7 Rxd7 30. h4 h6 31. Rc8+ Kg7 32. h5 Bf7 33. Ne5 fxe5 34. Bxe5+ Nf6 35. Bd3 Be6 36. f4 Bd6 37. f5 Bf7 38. Kg2 Bxe5 39. dxe5 Nxg4 40. f6+ Nxf6 41. exf6+ Kxf6 42. Rh8 g4 43. Kg3 Kg5 44. Be2 Re7 45. Bxg4 Re3+ 46. Kf2 Rb3 47. Bc8 d4 48. Rd8 Rxb2+ 49. Ke1 Kf4 50. Rxd4+ Ke3 51. Rd1 Bxh5 52. Ra1 Bg6 53. Kf1 Be4 54. Ra3+ Kd4 55. Ke1 Bd3 56. Ra5 Ke3 0-1

[Event "Alicante IM Teams 3rd"]
[Site "Alicante"]
[Date "2023.07.03"]
[Round "1"]
[White "Yurkovskiy, Ivan"]
[Black "Starostits, Ilmars"]
[Result "0-1"]
[WhiteElo "2212"]
[BlackElo "2403"]
[PlyCount "64"]
[EventDate "2023.07.03"]
[EventType "schev"]
[EventRounds "9"]
[EventCountry "ESP"]
[SourceTitle "CBM 215 Extra"]
[Source "ChessBase"]
[SourceDate "2023.09.30"]
[SourceVersion "1"]
[SourceVersionDate "2023.09.30"]
[SourceQuality "1"]
[WhiteTeam "Team D"]
[BlackTeam "Team A"]
[WhiteTeamCountry "ESP"]
[BlackTeamCountry "ESP"]

1. c4 e5 2. g3 Nc6 3. Bg2 Bc5 4. e3 a6 5. Ne2 d6 6. Nbc3 Ba7 7. a3 h5 8. h3 h4 9. g4 f5 10. f3 Nf6 11. Qc2 0-0 12. b3 f4 13. exf4 exf4 14. Bb2 d5 15. g5 Nh5 16. Nxd5 Qxg5 17. Bf1 Ng3 18. Rh2 Bf5 19. d3 Nxf1 20. Kxf1 Rae8 21. c5 Ne5 22. Ndxf4 Nxf3 23. Rg2 Bxh3 24. Nxh3 Nd2+ 25. Kg1 Bxc5+ 26. Kh1 Qxg2+ 27. Kxg2 Rxe2+ 28. Kh1 Bd6 29. Qc3 Rh2+ 30. Kg1 Nf3+ 31. Kf1 Nd4+ 32. Ke1 Nc2+ 0-1

[Event "Bodensee op"]
[Site "Bregenz"]
[Date "2023.05.17"]
[Round "5"]
[White "Riebel, Werner"]
[Black "Starostits, Ilmars"]
[Result "0-1"]
[WhiteElo "2148"]
[BlackElo "2400"]
[PlyCount "50"]
[EventDate "2023.05.13"]
[EventType "swiss"]
[EventRounds "9"]
[EventCountry "AUT"]
[SourceTitle "CBM 215 Extra"]
[Source "ChessBase"]
[SourceDate "2023.09.30"]
[SourceVersion "1"]
[SourceVersionDate "2023.09.30"]
[SourceQuality "1"]

1. d4 g6 2. c3 Bg7 3. Bg5 Nf6 4. Nd2 0-0 5. e3 b6 6. Bc4 Bb7 7. Ngf3 c5 8. 0-0 d5 9. Bd3 Nbd7 10. Bxf6 Nxf6 11. Ne5 Nd7 12. Nxd7 Qxd7 13. f4 Rac8 14. Qe2 e6 15. h4 a6 16. h5 b5 17. a3 Qe7 18. hxg6 fxg6 19. Nf3 b4 20. Ne5 Bxe5 21. fxe5 c4 22. Bc2 b3 23. Rxf8+ Rxf8 24. Bd1 Qh4 25. Qd2 Qg3 0-1

[Event "Bodensee op"]
[Site "Bregenz"]
[Date "2023.05.16"]
[Round "4"]
[White "Starostits, Ilmars"]
[Black "Kanonier, Clemens"]
[Result "1-0"]
[WhiteElo "2400"]
[BlackElo "2109"]
[PlyCount "91"]
[EventDate "2023.05.13"]
[EventType "swiss"]
[EventRounds "9"]
[EventCountry "AUT"]
[SourceTitle "CBM 215 Extra"]
[Source "ChessBase"]
[SourceDate "2023.09.30"]
[SourceVersion "1"]
[SourceVersionDate "2023.09.30"]
[SourceQuality "1"]

1. d4 d5 2. c4 e6 3. Nf3 Nf6 4. g3 dxc4 5. Bg2 Nc6 6. 0-0 Rb8 7. e3 b5 8. Qe2 Bb7 9. Nc3 a6 10. Rd1 Bb4 11. e4 Ne7 12. Ne5 Qc8 13. a4 Ba8 14. axb5 axb5 15. Bg5 Nd7 16. Nxd7 Qxd7 17. d5 0-0 18. Bh3 f5 19. exf5 exf5 20. d6 Ng6 21. dxc7 Qxc7 22. Nd5 Qe5 23. Qxe5 Nxe5 24. Bg2 Bxd5 25. Rxd5 Nd3 26. Be3 Be7 27. Bd4 Bf6 28. Bxf6 Rxf6 29. Rd7 Nc5 30. Bd5+ Kh8 31. Rc7 Na6 32. Ra7 Nb4 33. Bf3 g5 34. Re1 Nd3 35. Ree7 Rh6 36. Ra2 Nb4 37. Ra5 g4 38. Bb7 Rb6 39. Ra7 Rh6 40. Rf7 Rh5 41. Ra5 f4 42. gxf4 Kg8 43. Rd7 Kf8 44. Be4 Nd3 45. Raa7 Nxb2 46. Bxh7 1-0

[Event "Bodensee op"]
[Site "Bregenz"]
[Date "2023.05.13"]
[Round "1"]
[White "Kuhn, Thomas"]
[Black "Starostits, Ilmars"]
[Result "1/2-1/2"]
[WhiteElo "2070"]
[BlackElo "2400"]
[PlyCount "106"]
[EventDate "2023.05.13"]
[EventType "swiss"]
[EventRounds "9"]
[EventCountry "AUT"]
[SourceTitle "CBM 215 Extra"]
[Source "ChessBase"]
[SourceDate "2023.09.30"]
[SourceVersion "1"]
[SourceVersionDate "2023.09.30"]
[SourceQuality "1"]

1. Nf3 d5 2. g3 g6 3. Bg2 Bg7 4. d4 Nf6 5. 0-0 0-0 6. c4 c6 7. cxd5 cxd5 8. Nc3 Nc6 9. Ne5 e6 10. Nxc6 bxc6 11. b3 Nd7 12. Bb2 Ba6 13. Qd2 Qe7 14. Rfe1 Rfd8 15. Rac1 Qb4 16. Red1 e5 17. dxe5 Nxe5 18. Na4 Qd6 19. Nc5 Bc8 20. Bd4 a5 21. Qc3 f6 22. h3 Qe7 23. e4 dxe4 24. Nxe4 Bf5 25. Bxe5 fxe5 26. Qxc6 Bh6 27. Rxd8+ Rxd8 28. Rc4 Bf8 29. Nf6+ Kf7 30. Nd5 Qd6 31. Qxd6 Bxd6 32. Ra4 Rc8 33. Rc4 Bc5 34. Ne3 Bxe3 35. fxe3 Rd8 36. Ra4 Rd1+ 37. Kf2 Rd2+ 38. Kg1 Bd3 39. Bd5+ Kf6 40. e4 Bb1 41. Rxa5 Bxa2 42. Ra6+ Kg7 43. Ra7+ Kh6 44. Bg8 Kg5 45. Rxh7 Rd3 46. Kf2 Bxb3 47. Bxb3 Rxb3 48. Rd7 Rb2+ 49. Ke3 Rb3+ 50. Rd3 Rb6 51. Kf3 Rf6+ 52. Kg2 Ra6 53. Kf3 Rf6+ 1/2-1/2